000
00317nam a22001337a 4500
008
170523b xxu||||| |||| 00| 0 eng d
020
_a
9780205125739
041
_a
eng
080
_a
94(7/8)
100
_a
16
101
_a
SHH
245
_a
RACIAL AND ETHICS RELATION IN AMERICA
_c
MCLEMORE.S.D
942
_2
udc
_c
BK
999
_c
13858
_d
13858